| 000 | 00723nam a2200217 a 4500 | ||
|---|---|---|---|
| 005 | 20241207063743.0 | ||
| 008 | 030815s1999 es r 000 0 spa d | ||
| 020 | _a8483162520 | ||
| 035 | _aUPN01000127963 | ||
| 049 | _aCG | ||
| 050 | 4 |
_aHM131 _bV4.3 |
|
| 100 | 1 |
_aVentosa Pérez, Víctor Juan, _d1957- _929622 |
|
| 245 | 1 | 0 |
_aExpresión musical, educación y tiempo libre : _bmúsica y canciones para la animación y el tiempo libre / _cVíctor J. Ventosa. |
| 260 |
_aMadrid : _bCCS, _c1999. |
||
| 300 |
_a167 p. : _bil. |
||
| 440 | 0 |
_aEscuela de animación ; _v22 |
|
| 650 | 2 |
_aAnimación sociocultural _91050 |
|
| 650 | 4 |
_aDinámica de grupos _96712 |
|
| 650 | 4 |
_aMUSICA - _xASPECTOS SOCIALES _927708 |
|
| 905 | _aLibro | ||
| 999 |
_c100142 _d100142 |
||